Las corrientes literarias en la América hispánica

Seguir las corrientes relacionadas con la búsqueda de nuestra propia expresión fue el propósito del autor al dar, en la Universidad de Harvard, el ciclo de conferencias que forman el cuerpo de este libro. Con ello trató de afirmar, en forma decisiva, la independencia de la literatura de Hispanoaméri...

Descripción completa

Detalles Bibliográficos
Autor principal: Henríquez Ureña, Pedro, 1884-1946
Formato: Libro
Lenguaje:español
Publicado: México : Fondo de Cultura Económica, 1964.
Edición:Tercera edición.
Colección:Biblioteca Americana. Literatura moderna: pensamiento y acción
Materias:
Acceso en línea:

MARC

LEADER 00000cam a2200000 a 4500
001 024216
003 UAHC_CL
005 20250924113303.0
008 111017s1964 mx 000 spa
020 |a 9681600665 
040 |a UAHC_CL  |c UAHC_CL  |d UAHC_CL 
082 0 4 |a 860.9  |b H519  |2 20 
100 |a Henríquez Ureña, Pedro,   |d 1884-1946  |9 22316 
245 1 4 |a Las corrientes literarias en la América hispánica  |c por Pedro Henríquez Ureña. 
250 |a Tercera edición. 
260 |a México :  |b Fondo de Cultura Económica,  |c 1964. 
300 |a 340 páginas. 
490 0 |a Biblioteca Americana. Literatura moderna: pensamiento y acción 
520 |a Seguir las corrientes relacionadas con la búsqueda de nuestra propia expresión fue el propósito del autor al dar, en la Universidad de Harvard, el ciclo de conferencias que forman el cuerpo de este libro. Con ello trató de afirmar, en forma decisiva, la independencia de la literatura de Hispanoamérica frente a la europea. 
650 0 |a Literatura hispanoamericana  |x Historia y crítica  |9 3859 
650 0 |a Literatura latinoamericana  |9 3853 
900 |a 860.9 HEN 
942 |c BK  |2 ddc 
952 |0 0  |1 0  |4 0  |6 860_900000000000000_HEN  |7 0  |8 BAS  |9 48534  |a BC  |b BC  |c General  |d 2017-08-03  |l 0  |o 860.9 HEN  |p 1391635  |r 2025-11-26 00:00:00  |t 1  |w 2017-08-03  |y BK  |A FT1  |B DELA 
952 |0 0  |1 0  |4 0  |6 860_900000000000000_HEN  |7 0  |8 BAS  |9 48535  |a BC  |b BC  |c General  |d 2017-08-03  |l 0  |o 860.9 HEN  |p 1391636  |r 2025-11-26 00:00:00  |t 2  |w 2017-08-03  |y BK  |A FT1  |B DELA 
952 |0 0  |1 0  |2 ddc  |4 0  |6 860_900000000000000_HEN  |7 0  |8 BAS  |9 48536  |a BC  |b BC  |c General  |d 2017-08-03  |o 860.9 HEN  |p 1391638  |r 2025-11-26 00:00:00  |t 3  |w 2017-08-03  |y BK  |A FT1  |B DELA 
999 |c 24216  |d 24216